BIBLIOTHÈQUE DE LA MAISON DU MEXIQUE

Logo 1 Logo 2

Filósofos alemanes de Eckhart a Heidegger (Registro nro. 12365)

Detalles MARC
000 -Sello discográfico
campo de control de longitud fija 01202nam a2200325 4500
005 - Identificación de versión
campo de control 20251016084600.0
035 ## - Otros números de control del sistema
Número de control del sistema 9961
099 ## - fechas locales
Tipo de ítem Koha LIBRO
100 ## - Datos de procesamiento general
Datos de procesamiento general 19930801d1973 m y1spay5003 ba
101 1# - Idioma del recurso
Idioma del texto, banda sonora, etc. Español; Castellano
Idioma de la obra original Alemán
105 ## - Campo de datos codificados: Material textual, monográfico
Datos codificados de monografía y 001zy
200 1# - Título y mención de responsabilidad
Título propio Filósofos alemanes de Eckhart a Heidegger
Designación general del material texto impreso
Otra información del título presentación, crítica y juicios sobre sus filosofías
Primer mención de responsabilidad Ernst Friedrich Sauer
Declaración de responsabilidad subsiguiente traducción de María Martínez Peñaloza
205 ## - Declaración de edición
Declaración de edición 1a ed
210 ## - Publicación, distribución, etc.
Lugar de publicación, distribución, etc. México
Nombre del editor, distribuidor, etc. Fondo de Cultura Económica
Fecha de publicación, distribución, etc. 1973
215 ## - Descripción física
Designación de material específico y extensión del ítem 308 p
Dimensiones 17 cm
345 ## - Nota de información de adquisición
Fuente de adquisición/dirección de la suscripción [OBSOLETO] Donación
410 #1 - Series
Título Breviarios del Fondo de Cultura Económica
Número de volumen 231
454 #1 - Traducción de
Título Deutsche Philosophen. Von Eckhart bis Heidegger
606 ## - Término temático usado como materia
Elemento de entrada Filosofía alemana
Subdivisión temática Historia y crítica
Número Koha 11627
606 ## - Término temático usado como materia
Elemento de entrada Filósofos alemanes
Subdivisión temática Historia y crítica
Número Koha 11628
700 ## - Nombre personal - Responsabilidad primaria
Elemento de entrada Sauer
Parte del nombre distinta del elemento de entrada Ernst Friedrich
Fechas 1907-
Número Koha 19045
702 ## - Nombre personal - Responsabilidad secundaria
Elemento de entrada Martínez Peñaloza
Parte del nombre distinta del elemento de entrada María Teresa
Fechas 1924-2016
Número Koha 3568
801 #0 - Fuente de origen
Agencia cm
900 ## -
-- 1/9173
900 ## -
-- 710934833\\010893
942 ## - ELEMENTOS DE ENTRADA SECUNDARIOS (KOHA)
Tipo de ítem Koha Libro
996 ## -
-- MEX
-- 751145101
-- MMAG
-- 004710
-- 082.1 B846 V.231
-- 20210427LIV
Existencias
Estatus retirado Estado de daño Estado de pérdida Fecha de adquisición Biblioteca de origen Biblioteca actual Ubicación en estantería Código de barras Precio de reemplazo Signatura topográfica completa No para préstamo Tipo de ítem Koha Nota pública Nota no pública
      05/08/2025 Casa México Paris Casa México Paris   004710 05/08/2025 082.1 B846 V.231   Libro 20210427LIV 751145101